| 000 | 01038nam a22003137a 4500 | ||
|---|---|---|---|
| 003 | CHAP | ||
| 005 | 20220329134838.0 | ||
| 008 | 971013s1964 r 00010 d | ||
| 010 | _a26864 | ||
| 011 | _a27836 | ||
| 035 | _a31937 | ||
| 040 | _cCHAP | ||
| 090 | _aFolleto 314 | ||
| 100 | 0 | 0 |
_aKarplus, Walter J. _962757 |
| 245 | _aHybrid computation in engineering colleges | ||
| 260 |
_aMéxico, D. F. : _bCentro Nacional de Cálculo, _c1964 |
||
| 300 |
_a10 p. _b; diagrs. |
||
| 490 | _aDoc. 32-B | ||
| 590 |
_aBATCH-UPD _b10 _c20130110 _lUCH01 _h2032 |
||
| 590 |
_aBATCH-UPD _b10 _c20130410 _lUCH01 _h1348 |
||
| 590 |
_aBATCH-UPD _b10 _c20130914 _lUCH01 _h0816 |
||
| 590 |
_aCONVERSION _b10 _c20130109 _lUCH01 _h1315 |
||
| 650 | 1 | 4 |
_aCalculadoras electrónicas. _917344 |
| 711 | 0 |
_aCongreso Latinoamericano sobre la Computación Electrónica en la Enseñanza Profesional _n(1 : _d1964 : _cMéxico, D.F.) _926832 |
|
| 830 | 0 |
_aDoc. 32-B _933153 |
|
| 901 | _aBK | ||
| 942 | _cFOLL | ||
| 949 |
_aFolleto 314 _bBC _cFOLL _d-73988 _eTS1 _i31937 _si |
||
| 999 |
_c26864 _d26864 |
||